000 00578nam a2200205Ia 4500
008 191130s2008##################000#0#eng##
020 _a9781422206324
022 _a2008032297
040 _aACL
_cACL
082 _a984 GEL
100 _aGelletly, LeeAnne
245 _aBolivia
_cLeeAnne Gelletly
260 _aBroomall, PA
_bMason Crest Publishers
_c2008
300 _a63 p. : col. ill. ; 21 cm. (hardcover)
500 _aIncludes index
650 _aBolivia - Juvenile literature
990 _a5ee2a5ccac10000c4fbefa5ae2cc094a
991 _a304813
999 _c247413
_d247413